[Event "Nassau Int"]
[Site "Syosset"]
[Date "1984.08.17"]
[Round "7"]
[White "Schroer, Jonathan"]
[Black "Sisniega, Marcel"]
[Result "0-1"]
[WhiteElo "2325"]
[BlackElo "2440"]

1.d4 Nf6 2.c4 e6 3.Nf3 b6 4.a3 Ba6 5.Qc2 Bb7 6.Bg5 c5 7.d5 exd5 8.cxd5 Be7
9.Bxf6 Bxf6 10.e4 O-O 11.Bd3 d6 12.O-O g6 13.Nc3 a6 14.a4 Nd7 15.Nd2 Qc7
16.Kh1 Rab8 17.f4 Bg7 18.Qd1 Rbe8 19.Qf3 Qd8 20.Nc4 Qb8 21.Qg3 Bc8 22.Rae1 b5
23.axb5 axb5 24.Na5 c4 25.Nc6 Qb6 26.Bc2 Bb7 27.e5 dxe5 28.f5 Bxc6 29.dxc6 Qxc6
30.Ne4 Rd8 31.Qh3 f6 32.Nc3 g5 33.Be4 Qc5 34.Bd5+ Kh8 35.Be6 Nb6 36.Qh5 Rd4
37.Ne4 Qc6 38.Qf3 Rd3 39.Re3 Rxe3 40.Qxe3 Nd5 41.Qf3 Nf4 42.b3 Nxe6 43.fxe6 Qxe6
44.bxc4 bxc4 45.Ng3 Rd8 46.Nf5 Qd5 47.Qxd5 Rxd5 48.Ne3 Rc5 49.Rc1 h5 50.Rxc4 Rxc4
51.Nxc4 Kh7 52.h3 h4 53.g4 hxg3 54.Kg2 Kg6 55.Kxg3 f5 56.Kf3 Kf6 57.Ke3 Ke6
58.Kf3 Bf8  0-1

[Event "URS-ch sf"]
[Site "Barnaul"]
[Date "1984.??.??"]
[Round "?"]
[White "Vaisser, Anatoli"]
[Black "Gulko, Boris F"]
[Result "1/2-1/2"]
[WhiteElo "2475"]
[BlackElo "2470"]

1.d4 Nf6 2.c4 e6 3.Nf3 b6 4.a3 d5 5.Nc3 Be7 6.cxd5 exd5 7.Qa4+ c6 8.g3 O-O
9.Bg2 Bb7 10.O-O Nbd7 11.Rd1 Re8 12.Bf4 Nh5 13.Bd2 Bd6 14.Nh4 Ndf6 15.Nf5 Bc7
16.Qc2 g6 17.Nh6+ Kg7 18.Bg5 Qd7 19.Qd2 Ne4 20.Nxe4 dxe4 21.g4 e3 22.Bxe3 Qd6
23.gxh5 Qxh2+ 24.Kf1 Bc8 25.Qc3 Bh3 26.Nf5+ Kg8 27.Ke1 Qxg2 28.hxg6 hxg6
29.Nh4 Qe4 30.Nf3 Bf4 31.Rac1 Rac8 32.Rd3 c5 33.d5 Bg4 34.d6 Rcd8 35.Qf6 Bxf3
36.d7 Re7 37.exf3 Qe5 38.Qc6 Qf5 39.Rcd1 Bxe3 40.fxe3 Qe5 41.R1d2  1/2-1/2

[Event "URS-ch sf"]
[Site "Barnaul"]
[Date "1984.??.??"]
[Round "?"]
[White "Dzuban, Oleg I"]
[Black "Kharitonov, Andrei Y"]
[Result "1/2-1/2"]
[WhiteElo "2415"]
[BlackElo "2455"]

1.d4 Nf6 2.c4 e6 3.Nf3 b6 4.a3 Ba6 5.b3 d5 6.Nc3 Be7 7.g3 c6 8.Bg2 Nbd7 9.cxd5 Nxd5
10.Bb2 O-O 11.O-O Rc8 12.Re1 Nxc3 13.Bxc3 c5 14.b4 cxd4 15.Bxd4 Bb7 16.Qb3 Qc7
17.Qb2 Bf6 18.Rac1 Qb8 19.Bxf6 Nxf6 20.Ne5 Bxg2 21.Kxg2 Qb7+ 22.Kg1 Nd7 23.Nd3 Qe4
24.Rc3 h6 25.Rec1 Rxc3 26.Rxc3 Ne5 27.Nxe5 Qxe5 28.Qd2 a5 29.Qd3 Qf6 30.Rc6 Rd8
31.Qe3 axb4 32.axb4 Qa1+ 33.Kg2 Qa8 34.b5 Rd5 35.Qxb6 Qa4 36.Qe3 Qxb5 37.Rc8+ Kh7
38.Qe4+ g6 39.Qf3 Rf5 40.Qc3 Qe5 41.Qc2 Qf6  1/2-1/2

[Event "URS-ch sf"]
[Site "Barnaul"]
[Date "1984.??.??"]
[Round "?"]
[White "Piesina, Gintautas"]
[Black "Rozentalis, Eduardas"]
[Result "1-0"]
[WhiteElo "2355"]
[BlackElo "2465"]

1.d4 Nf6 2.c4 e6 3.Nf3 b6 4.a3 Ne4 5.g3 Bb7 6.Bg2 Be7 7.O-O O-O 8.Qc2 d5
9.cxd5 exd5 10.Nc3 Nd7 11.Rd1 Ndf6 12.Ne5 Bd6 13.Nxe4 Nxe4 14.Bf4 Re8 15.Rac1 Qf6
16.f3 Ng5 17.Ng4 Qe7 18.Bxd6 cxd6 19.h4 Ne6 20.f4 h5 21.Nf2 Qf6 22.e3 g6
23.Qb3 Ng7 24.Rc7 Rab8 25.Bh3 Re7 26.Rxe7 Qxe7 27.Rc1 Ba6 28.Rc3 Bc4 29.Qc2 a5
30.b3 Ba6 31.Qc1 Re8 32.a4 Be2 33.Kg2 Kh7 34.Qc2 Ba6 35.Nd1 Rb8 36.Rc7 Qe8
37.Kf2 b5 38.Bd7 Qf8 39.axb5 Bxb5 40.Bxb5 Rxb5 41.Nc3 Rb8 42.Nxd5 Nf5 43.Nf6+ Kh8
44.Qc4 Kg7 45.Nd7 Qe8 46.Qc3 Nxe3 47.d5+ Kh6 48.Qxe3 Qxe3+ 49.Kxe3 Rxb3+
50.Ke4 Kg7 51.Rc6 Rb4+ 52.Kf3 Rb3+ 53.Kg2 a4 54.Rxd6 Rb5 55.Ra6 Rxd5 56.Ne5 f6
57.Ra7+ Kh6 58.Nf3  1-0

[Event "Bor"]
[Site "Bor"]
[Date "1984.??.??"]
[Round "?"]
[White "Ilic, Zoran"]
[Black "Abramovic, Bosko"]
[Result "1/2-1/2"]
[WhiteElo "2440"]
[BlackElo "2480"]

1.d4 Nf6 2.c4 e6 3.Nf3 b6 4.a3 d5 5.Nc3 Be7 6.cxd5 exd5 7.Bf4 O-O 8.e3 c5
9.Bd3 a6 10.Ne5 c4 11.Bc2 b5 12.Qf3  1/2-1/2

[Event "BCF-ch"]
[Site "Brighton"]
[Date "1984.??.??"]
[Round "1"]
[White "Crouch, Colin S"]
[Black "Thomas, Nicholas"]
[Result "1/2-1/2"]
[WhiteElo "2360"]
[BlackElo "2040"]

1.d4 Nf6 2.c4 e6 3.Nf3 b6 4.a3 Bb7 5.Nc3 d6 6.Bg5 Be7 7.e3 Ne4 8.Nxe4 Bxe4
9.Bxe7 Qxe7 10.Bd3 Bxd3 11.Qxd3 Nd7 12.O-O O-O 13.b4 a5 14.Qc3 f5 15.Rac1 Nf6
16.Nd2 axb4 17.axb4 Ra4 18.Ra1 Rfa8 19.f3 c5 20.dxc5 dxc5 21.b5 Qd6 22.Rad1 Ra3
23.Nb3 Qe7 24.Ra1 Rxa1 25.Rxa1 Rxa1+ 26.Qxa1  1/2-1/2

[Event "BCF-ch"]
[Site "Brighton"]
[Date "1984.??.??"]
[Round "5"]
[White "Crouch, Colin S"]
[Black "Prettejohn, M."]
[Result "1-0"]
[WhiteElo "2360"]
[BlackElo "2145"]

1.d4 Nf6 2.c4 e6 3.Nf3 b6 4.a3 Ba6 5.Qb3 d5 6.e3 Be7 7.Nc3 O-O 8.Bd2 c5 9.Rd1 Nc6
10.Qa4 Bb7 11.cxd5 exd5 12.dxc5 bxc5 13.Bc1 d4 14.Be2 Qb6 15.Nb1 Rad8 16.O-O Bc8
17.exd4 cxd4 18.Bd3 Bg4 19.Nbd2 Nd7 20.b4 Nde5 21.Be4 Bf6 22.Nb3 Nxf3+ 23.gxf3 Bd7
24.Nc5 Be8 25.Qc2 h6 26.Kh1 Kh8 27.Rg1 a5 28.Bxh6 Ne5 29.bxa5 Qc7 30.Bxg7+ Bxg7
31.Rxg7  1-0

[Event "BCF-ch"]
[Site "Brighton"]
[Date "1984.??.??"]
[Round "6"]
[White "Murshed, Niaz"]
[Black "Morrison, Graham"]
[Result "1-0"]
[WhiteElo "2405"]
[BlackElo "2335"]

1.d4 Nf6 2.Nf3 b6 3.c4 e6 4.a3 d5 5.Nc3 Be7 6.cxd5 exd5 7.g3 O-O 8.Bg2 Bf5
9.Ne5 c6 10.O-O a5 11.h3 Nfd7 12.Nd3 Nf6 13.g4 Bc8 14.Bf4 h5 15.g5 Ne4 16.h4 Nxc3
17.bxc3 Bf5 18.Ne5 f6 19.gxf6 Bxf6 20.e4 Bxe5 21.Bxe5 Bg4 22.Qd3 dxe4 23.Bxe4 Nd7
24.Qc4+ Kh8 25.Qxc6 Nxe5 26.dxe5 Qxh4 27.Qg6 Kg8 28.e6 Rf5 29.Bxf5  1-0

[Event "Alfoldi mem (Women)"]
[Site "Budapest"]
[Date "1984.??.??"]
[Round "?"]
[White "Grosch, Maria"]
[Black "Krizsan Bilek, Gyulane"]
[Result "1/2-1/2"]
[WhiteElo "2065"]
[BlackElo "1965"]

1.d4 Nf6 2.Nf3 e6 3.c4 b6 4.a3 a5 5.Bg5 Be7 6.Nc3 Bb7 7.Qc2 O-O 8.e3 d5 9.Bxf6 Bxf6
10.cxd5 exd5 11.Bd3 h6 12.h4 c5 13.O-O-O cxd4 14.exd4 Qd6 15.Kb1 Nc6 16.Nb5 Qf4
17.Qd2 Qxd2 18.Rxd2 Ba6 19.g4 Bd8 20.Rc1 Ne7 21.Ne5 Ng6 22.Nd7 Re8 23.Nc7 Bxd3+
24.Rxd3 Bxc7 25.Rxc7 Re1+ 26.Kc2 Nf4 27.Re3 Rf1 28.Nxb6 Rxf2+ 29.Kc3 Rd8
30.Rc5 Ne2+  1/2-1/2

[Event "Troll Masters"]
[Site "Gausdal"]
[Date "1984.??.??"]
[Round "4"]
[White "Rajkovic, Dusan"]
[Black "Ogaard, Leif"]
[Result "1/2-1/2"]
[WhiteElo "2440"]
[BlackElo "2465"]

1.d4 Nf6 2.c4 e6 3.Nf3 b6 4.a3 Bb7 5.Nc3 d5 6.cxd5 Nxd5 7.Qa4+ Nd7 8.Nxd5 Bxd5
9.Bf4 Bd6 10.Bxd6 cxd6 11.e3 O-O 12.Be2 Qc7 13.O-O Rfc8 14.Ba6  1/2-1/2

[Event "HUN-ch"]
[Site "HUN"]
[Date "1984.??.??"]
[Round "10"]
[White "Farago, Ivan"]
[Black "Csom, Istvan"]
[Result "1-0"]
[WhiteElo "2525"]
[BlackElo "2505"]

1.d4 Nf6 2.c4 e6 3.Nf3 b6 4.a3 Ba6 5.Qc2 Bb7 6.Nc3 c5 7.e4 cxd4 8.Nxd4 d6
9.f3 Be7 10.Qf2 O-O 11.Be2 Nbd7 12.O-O Re8 13.Rd1 Rc8 14.Ndb5 d5 15.Nxa7 Ra8
16.Nab5 dxe4 17.fxe4 Bxe4 18.Be3 Bc6 19.Qg3 Rf8 20.Nc7 Rb8 21.Bh6 g6 22.Bxf8 Qxf8
23.N7b5 Nc5 24.Bf3 Bxb5 25.cxb5 Rc8 26.Rac1 Nb3 27.Rc2 Rc4 28.Kh1 h5 29.Qe5 Qc8
30.Nd5 Nxd5 31.Rxc4 Qxc4 32.Bxd5 Qxb5 33.Qc7 Nc5 34.Qxe7 exd5 35.Qd8+ Kg7
36.Qxd5 Qxb2 37.Rf1 f5 38.Rd1 Qxa3 39.Qe5+ Kh6 40.h4 Qa8 41.Qf4+ Kh7 42.Qc7+ Kh6
43.Qxb6 Qa4 44.Qd8 Kh7 45.Qe7+ Kh6 46.Rc1 Ne6 47.Qf6 Qd4 48.Qxd4 Nxd4 49.Rc7 Ne6
50.Rf7 Nc5 51.Kh2 Ne4 52.Kh3 Nd6 53.Rc7 Ne4 54.Ra7 Nf6 55.Kg3 Ng4 56.Kf4 Nf6
57.Ke5 Ng4+ 58.Ke6 f4 59.Kf7 Kh7 60.Ra5 Ne3 61.Kf6 Kh6 62.Ra8 Ng4+ 63.Kf7 Kh7
64.Ra7 Kh6 65.Kf8 Nf6 66.Rf7 Ng4 67.Rg7  1-0

[Event "Jajce (Women)"]
[Site "Jajce"]
[Date "1984.??.??"]
[Round "?"]
[White "Szmacinska, Grazyna"]
[Black "Markovic, Gordana"]
[Result "1/2-1/2"]
[WhiteElo "2105"]
[BlackElo "2160"]

1.d4 Nf6 2.Nf3 e6 3.c4 b6 4.a3 Bb7 5.Nc3 d5 6.cxd5 Nxd5 7.e3 g6 8.Nxd5 Qxd5
9.Bd3 Bg7 10.O-O O-O  1/2-1/2

[Event "JUG-ch"]
[Site "?"]
[Date "1984.??.??"]
[Round "6"]
[White "Rajkovic, Dusan"]
[Black "Kurajica, Bojan"]
[Result "1/2-1/2"]
[WhiteElo "2440"]
[BlackElo "2495"]

1.d4 Nf6 2.c4 e6 3.Nf3 b6 4.a3 Bb7 5.Nc3 d5 6.cxd5 Nxd5 7.e3 g6 8.Qa4+ c6
9.Nxd5 exd5 10.b4 Bd6 11.Be2 O-O 12.O-O Qe7 13.Qb3 Nd7 14.Bb2 b5 15.a4 bxa4
16.Rxa4 Nb6 17.Ra5 Bxb4 18.Ba3 Bxa3 19.Rxa3 Nc4 20.Ra4 c5 21.Bxc4  1/2-1/2

[Event "London P&D Knights"]
[Site "London"]
[Date "1984.??.??"]
[Round "9"]
[White "Crouch, Colin S"]
[Black "Arkell, Keith C"]
[Result "1-0"]
[WhiteElo "2300"]
[BlackElo "2295"]

1.d4 Nf6 2.c4 e6 3.Nf3 b6 4.a3 c5 5.d5 Ba6 6.Qb3 g6 7.Bg5 h6 8.Bh4 Bg7 9.Nc3 O-O
10.e4 g5 11.Bg3 exd5 12.cxd5 Bxf1 13.Rxf1 Re8 14.Nd2 d6 15.O-O-O a6 16.Nc4 Nxe4
17.Nxe4 Rxe4 18.Nxd6 Re2 19.Qf3 Qe7 20.Nf5 Bxb2+ 21.Kb1 Qe8 22.Nxh6+ Kh7
23.Qxf7+ Qxf7 24.Nxf7 Kg6 25.Rfe1 Rxe1 26.Rxe1 Bf6 27.Ne5+ Kf5 28.Re3 Bg7
29.Nc4 b5 30.Nb6 Ra7 31.Nc8 Rd7 32.Bxb8 Bd4 33.Re8 b4 34.axb4 cxb4 35.d6 b3
36.Re7 Rd8 37.Bc7  1-0

[Event "Moscow-ch"]
[Site "Moscow"]
[Date "1984.??.??"]
[Round "?"]
[White "Vyzmanavin, Alexey"]
[Black "Naumkin, Igor"]
[Result "1-0"]
[WhiteElo "2470"]
[BlackElo "2325"]

1.d4 Nf6 2.c4 e6 3.Nf3 b6 4.a3 Bb7 5.Nc3 d5 6.cxd5 exd5 7.Qa4+ c6 8.g3 Be7
9.Bg2 O-O 10.O-O Nbd7 11.Bf4 Nh5 12.Rad1 Nxf4 13.gxf4 Nf6 14.Ne5 Qd6 15.Rc1 Qe6
16.b4 b5 17.Qb3 a6 18.Rc2 Nh5 19.e3 Rad8 20.Ne2 f6 21.f5 Qd6 22.Nd3 Qd7 23.e4 Bd6
24.e5 fxe5 25.dxe5 Be7 26.Nd4 Rde8 27.f4 Bc8 28.Bf3 Qa7 29.Qc3 Rxf5 30.Kh1 g6
31.Nxf5 Bxf5 32.Bxh5 gxh5 33.Rg2+ Kh8 34.e6+ d4 35.Ne5  1-0

[Event "Naleczow"]
[Site "Naleczow"]
[Date "1984.??.??"]
[Round "?"]
[White "Schmidt, Wlodzimierz"]
[Black "Popovic, Petar"]
[Result "1/2-1/2"]
[WhiteElo "2480"]
[BlackElo "2525"]

1.d4 Nf6 2.c4 e6 3.Nf3 b6 4.a3 Bb7 5.Nc3 d5 6.cxd5 exd5 7.Bf4 Bd6 8.Bg3 O-O
9.e3 Ne4 10.Rc1 Nxg3 11.hxg3 a6 12.Bd3 g6 13.Qb3 Nc6 14.O-O Na5 15.Qa2 c5
16.dxc5 bxc5 17.Rfd1 c4 18.Bc2 Bc5 19.b4 cxb3 20.Bxb3 Nxb3 21.Qxb3 Rb8 22.Nd4 Qd6
23.a4  1/2-1/2

[Event "New York op"]
[Site "New York"]
[Date "1984.??.??"]
[Round "1"]
[White "Wilder, Michael"]
[Black "Sosonko, Gennadi"]
[Result "1/2-1/2"]
[WhiteElo "2435"]
[BlackElo "2560"]

1.d4 Nf6 2.c4 e6 3.Nf3 b6 4.a3 Bb7 5.Nc3 d5 6.cxd5 Nxd5 7.Qc2 Nd7 8.Bg5 f6
9.Nxd5 exd5 10.Bf4 c5 11.e3 c4 12.Be2 b5 13.O-O Nb6 14.b3 Qd7  1/2-1/2

[Event "New York op"]
[Site "New York"]
[Date "1984.??.??"]
[Round "4"]
[White "Wilder, Michael"]
[Black "Larsen, Bent"]
[Result "1-0"]
[WhiteElo "2435"]
[BlackElo "2565"]

1.d4 Nf6 2.c4 e6 3.Nf3 b6 4.a3 Be7 5.Nc3 d5 6.cxd5 exd5 7.Bf4 O-O 8.e3 Be6
9.h3 c5 10.Bd3 Nc6 11.O-O a6 12.Rc1 c4 13.Bb1 b5 14.Ne5 Qb6 15.Bg5 Rfe8 16.f4 Rad8
17.Qc2 g6 18.Qf2 Kh8 19.Qh4 Ng8 20.f5 Bxg5 21.Qxg5 gxf5 22.Rxf5 Nxe5 23.Rxe5 f6
24.Qh4 h6 25.Rh5 Kg7 26.Rf1 Bf7 27.Qg3+ Kf8 28.Rh4 Qd6 29.Rhf4 Qc7 30.e4 dxe4
31.Nxe4 Qd7 32.Nxf6 Nxf6 33.Rxf6 Qxd4+ 34.Kh1 Re7 35.Bh7  1-0

[Event "New York Barclay"]
[Site "New York"]
[Date "1984.??.??"]
[Round "6"]
[White "Bonin, Jay R"]
[Black "Mednis, Edmar John"]
[Result "1/2-1/2"]
[WhiteElo "2370"]
[BlackElo "2460"]

1.d4 Nf6 2.c4 e6 3.Nf3 b6 4.a3 Bb7 5.Nc3 d5 6.cxd5 exd5 7.Bf4 Bd6 8.Bxd6 Qxd6
9.Rc1 Qe7 10.e3 O-O 11.Be2 Nbd7 12.O-O c5 13.dxc5 bxc5 14.Re1 Rfd8 15.Qa4 a5
16.Qh4 Rab8 17.Bd3 Nf8 18.Na4 Rbc8 19.b4 axb4 20.axb4 cxb4 21.Rb1  1/2-1/2

[Event "New York op"]
[Site "New York"]
[Date "1984.??.??"]
[Round "7"]
[White "Gheorghiu, Florin"]
[Black "Reshevsky, Samuel Herman"]
[Result "1/2-1/2"]
[WhiteElo "2495"]
[BlackElo "2460"]

1.d4 Nf6 2.c4 e6 3.Nf3 b6 4.a3 Bb7 5.Nc3 d5 6.cxd5 Nxd5 7.Qa4+ c6 8.Nxd5 exd5
9.g3 Nd7 10.Bf4 Be7 11.Bh3 O-O 12.Rc1 Bf6 13.Rxc6 Nc5 14.Rxc5 bxc5 15.dxc5 Bc8
16.Bg2 Bxb2 17.O-O Qf6 18.Bd6 Rd8 19.Rd1 Qc3 20.Ne5 Be6 21.Nc6 Qxa3 22.Qxa3 Bxa3
23.Nxd8 Rxd8 24.Ra1 Bb4 25.Rxa7 Rc8 26.Rb7 Bxc5 27.Bxc5 Rxc5 28.Rb8+ Rc8
29.Rxc8+ Bxc8 30.Bxd5 Kf8 31.f4 Ke7 32.Kf2 f5 33.Ke3 Ba6 34.Bf3 Kf6 35.Kd4 h6
36.h4 g5 37.e3 gxh4 38.gxh4 Bb5 39.Kc5 Ba4 40.Kd6 Bb5 41.Bb7 Ba4 42.Bc8 Be8
43.Bd7 Bf7 44.Kc7 Bb3 45.Kd8 Bf7 46.Bc8 Bg6 47.Ba6 Bf7 48.Bb5 Bh5  1/2-1/2

[Event "NOR-ch"]
[Site "Oslo"]
[Date "1984.??.??"]
[Round "1"]
[White "Agdestein, Espen"]
[Black "Diesen, Bruce"]
[Result "1-0"]
[WhiteElo "2280"]
[BlackElo "2200"]

1.d4 Nf6 2.c4 e6 3.Nf3 b6 4.a3 Bb7 5.Nc3 d5 6.cxd5 exd5 7.g3 Nbd7 8.Qa4 c6
9.Bg2 Bd6 10.Nh4 O-O 11.Nf5 Bc7 12.Bg5 Re8 13.O-O h6 14.Bd2 Ne4 15.Nxe4 dxe4
16.Rac1 Nf6 17.Rfd1 a5 18.Ne3 b5 19.Qc2 Bb6 20.Bc3 Qe7 21.a4 b4 22.Nc4 Bc7
23.Be1 Rad8 24.Ne3 Qe6 25.Qc5 Nd5 26.Nxd5 Rxd5 27.Qc2 Bb6 28.e3 g6 29.Bd2 Qg4
30.Rf1 Rf5 31.h3 Qe2 32.Bxe4 Rg5 33.Bg2 Bc7 34.e4 Rh5 35.Rfe1 Qa6 36.Bf3 Rxh3
37.Bg4 Rxg3+ 38.fxg3 Bxg3 39.Rf1 h5 40.Qb3 Re7  1-0

[Event "NOR-ch"]
[Site "Oslo"]
[Date "1984.??.??"]
[Round "2"]
[White "Diesen, Bruce"]
[Black "Ostenstad, Berge"]
[Result "0-1"]
[WhiteElo "2200"]
[BlackElo "2310"]

1.d4 Nf6 2.c4 e6 3.Nf3 b6 4.a3 c5 5.e3 Be7 6.Nc3 O-O 7.Bd3 d5 8.cxd5 exd5
9.Ne5 Bb7 10.Qa4 a6 11.O-O Bd6 12.f4 b5 13.Qd1 Qb6 14.Rf3 cxd4 15.exd4 Bxe5
16.fxe5 Qxd4+ 17.Kh1 Ne4 18.Bxe4 Qxd1+ 19.Nxd1 dxe4 20.Rg3 Re8 21.Bh6 g6
22.Ne3 Rxe5 23.Bf4 Re6 24.Rd1 Nc6 25.Nd5 Rd8 26.h4 Kg7 27.h5 Ne5 28.h6+ Kf8
29.Ne3 Rxd1+ 30.Nxd1 Nd3 31.Rg5  0-1

[Event "NOR-ch"]
[Site "Oslo"]
[Date "1984.??.??"]
[Round "6"]
[White "Agdestein, Espen"]
[Black "Ostenstad, Berge"]
[Result "1-0"]
[WhiteElo "2280"]
[BlackElo "2310"]

1.d4 Nf6 2.c4 e6 3.Nf3 b6 4.a3 Bb7 5.Nc3 d5 6.cxd5 Nxd5 7.Qc2 Be7 8.e4 Nxc3
9.bxc3 O-O 10.Bd3 c5 11.O-O Nc6 12.Bb2 Rc8 13.d5 exd5 14.exd5 Qxd5 15.Bxh7+ Kh8
16.c4 Qh5 17.Be4 f5 18.Bd5 Bf6 19.Rfe1 b5 20.Re3 bxc4 21.Bxf6 Rxf6 22.Bxc6 Bxc6
23.Ne5 Re8 24.Qc3 Rxe5 25.Qxe5 Rg6 26.Rg3 Rxg3 27.hxg3 Qf7 28.Qxc5 Be4 29.f3 Bd3
30.Kf2 Qf6 31.Rh1+ Kg8 32.Qd5+ Kf8 33.Rh8+  1-0

[Event "NOR-ch"]
[Site "Oslo"]
[Date "1984.??.??"]
[Round "6"]
[White "Diesen, Bruce"]
[Black "Hovde, Frank"]
[Result "1/2-1/2"]
[WhiteElo "2200"]
[BlackElo "2205"]

1.d4 e6 2.c4 Nf6 3.Nf3 b6 4.a3 Bb7 5.Nc3 d5 6.cxd5 Nxd5 7.e3 c5 8.Bb5+ Bc6
9.Qa4 Qd7 10.Bxc6 Nxc6 11.O-O Nxc3 12.bxc3 Be7 13.dxc5 O-O 14.Rd1 Qb7 15.cxb6 axb6
16.Qe4 Rfc8 17.Bb2 Qc7 18.c4 Ra4 19.Qg4 Bf8 20.Rac1 Na5 21.Ne5 Bxa3 22.Rd7 Qxd7
23.Nxd7 Bxb2 24.Nxb6 Bxc1 25.Nxa4 Nxc4 26.h4 Ba3 27.Qd4 Bf8 28.Qd7 Nd6 29.Nb6 Rb8
30.Qc7 Re8 31.Qd7 Rb8 32.Qc7 Re8 33.Qc6 Rd8 34.h5 h6 35.Qc7 Re8 36.Nd7 Rc8
37.Qb6 Ne8 38.Qa6 Rd8 39.Nxf8 Kxf8 40.Qa3+ Kg8 41.Qe7 Rb8 42.g4 Nf6 43.f3 Re8
44.Qd6 e5 45.Qd1 Nh7 46.Qd7 Nf6 47.Qf5 Nh7 48.Kf2 Re6 49.Ke2 Re8 50.Kd1 Re6
51.Qe4 Nf6 52.Qf5 Nh7 53.Kc2 Re8 54.Kb3 Re6 55.Ka4 Re8 56.f4 exf4 57.exf4 f6
58.Qd5+ Kh8 59.Qf7 Rb8 60.Ka5 Rf8  1/2-1/2

[Event "NOR-ch"]
[Site "Oslo"]
[Date "1984.??.??"]
[Round "10"]
[White "Agdestein, Espen"]
[Black "Hovde, Frank"]
[Result "1/2-1/2"]
[WhiteElo "2280"]
[BlackElo "2205"]

1.d4 Nf6 2.c4 e6 3.Nf3 b6 4.a3 Bb7 5.Nc3 d5 6.cxd5 Nxd5 7.Qc2 c5 8.e4 Nxc3
9.bxc3 Nd7 10.Bd3 Qc7 11.Qb1 g6 12.h4 h6 13.O-O Bg7 14.Bd2 O-O 15.Re1 e5
16.d5 c4 17.Bc2 Nc5 18.h5 Bc8 19.Qc1 g5 20.Nh2  1/2-1/2

[Event "CAN-ch"]
[Site "Ottawa"]
[Date "1984.??.??"]
[Round "4"]
[White "Piasetski, Leon David"]
[Black "Baragar, Fletcher"]
[Result "0-1"]
[WhiteElo "2390"]
[BlackElo "2280"]

1.c4 Nf6 2.Nf3 e6 3.d4 b6 4.a3 Bb7 5.Nc3 d5 6.cxd5 exd5 7.Ne5 Bd6 8.Qa4+ c6
9.g3 O-O 10.Bg2 Re8 11.Nd3 Nbd7 12.Bf4 Bxf4 13.Nxf4 Ne4 14.Nxe4 dxe4 15.e3 Nf6
16.O-O-O Qd6 17.Kb1 Bc8 18.h3 Bd7 19.g4 a5 20.Qc2 h6 21.Rhg1 b5 22.Qc5 Qxc5
23.dxc5 Re5 24.Rc1 Be6 25.Rgd1 Bc4 26.Rd6 Rc8 27.b4 axb4 28.axb4 Ne8 29.Rd4 Nf6
30.Kb2 Ra8 31.Ra1 Rxa1 32.Rd8+ Kh7 33.Kxa1 g5 34.Nh5 Nxh5 35.gxh5 Bd5 36.Kb2 Rf5
37.Kc3 Rxf2 38.Rxd5 cxd5 39.c6 Rf6 40.Kd4 Rxc6 41.Kxd5 Rc4 42.Bxe4+ Kg7  0-1

[Event "Oxford"]
[Site "Oxford"]
[Date "1984.??.??"]
[Round "8"]
[White "Ligterink, Gert"]
[Black "Regan, Kenneth"]
[Result "1-0"]
[WhiteElo "2445"]
[BlackElo "2400"]

1.d4 Nf6 2.Nf3 e6 3.c4 b6 4.a3 Ba6 5.Qc2 Bb7 6.Nc3 c5 7.e4 cxd4 8.Nxd4 Bc5
9.Nb3 Nc6 10.Be2 Nd4 11.Nxd4 Bxd4 12.Bf3 O-O 13.Bf4 Bxc3+ 14.bxc3 e5 15.Bxe5 Re8
16.Bxf6 Qxf6 17.O-O Qe6 18.Rfe1 Rac8 19.Qa4 a5 20.Rad1 Bc6 21.Qb3 f5 22.Rd4 fxe4
23.Bxe4 Bxe4 24.Rdxe4 Qxe4 25.Rxe4 Rxe4 26.c5+ Re6 27.cxb6 Rxc3  1-0

[Event "Oxford"]
[Site "Oxford"]
[Date "1984.??.??"]
[Round "9"]
[White "Bradbury, Neil H"]
[Black "Levitt, Jonathan"]
[Result "0-1"]
[WhiteElo "2395"]
[BlackElo "2345"]

1.d4 Nf6 2.c4 e6 3.Nf3 b6 4.a3 Bb7 5.Nc3 d5 6.cxd5 Nxd5 7.e3 g6 8.Bb5+ c6
9.Bd3 Bg7 10.h4 c5 11.e4 Nxc3 12.bxc3 Nc6 13.Bb2 Qd7 14.O-O cxd4 15.cxd4 O-O
16.e5 Rfd8 17.Re1 Rac8 18.h5 Bh6 19.hxg6 hxg6 20.Re4 Ne7 21.Rg4 Nf5 22.Nd2 Bg7
23.Qe2 Bd5 24.Re1 Qa4 25.Ne4 Bc4 26.Nf6+ Bxf6 27.exf6 Bxd3 28.Qxd3 Qc2 29.Qe2 Qxe2
30.Rxe2 Rc4 31.Rge4 Rd5 32.Rd2 Nd6 33.Re5 Ne8 34.f3 Nxf6 35.Kf2 Rd8 36.Re1 Rdc8
37.g4 Nd5 38.Kg3 b5 39.Rh1 Rc2 40.Rhh2 Rxd2 41.Rxd2 a5 42.Re2 Kg7 43.f4 Kf6
44.Kf3 b4 45.axb4 axb4 46.Ke4 Rc3 47.Re1 Rg3 48.g5+ Ke7 49.Re2 Kd6 50.Re1 f5+  0-1

[Event "Rubinstein mem"]
[Site "Polanica Zdroj"]
[Date "1984.??.??"]
[Round "1"]
[White "Staniszewski, Piotr"]
[Black "Kuzmin, Gennadi P"]
[Result "0-1"]
[WhiteElo "2360"]
[BlackElo "2505"]

1.d4 Nf6 2.c4 e6 3.Nf3 b6 4.a3 Bb7 5.Nc3 d5 6.cxd5 Nxd5 7.Bd2 Nd7 8.Qc2 Be7
9.e4 Nxc3 10.Bxc3 O-O 11.Rd1 Qc8 12.Bd3 Ba6 13.O-O Bxd3 14.Qxd3 Qb7 15.d5 exd5
16.exd5 Bf6 17.Bxf6 Nxf6 18.Ne5 Rfd8 19.Nc6 Rd6 20.Qf3 Kf8 21.Ne5 Re8 22.Rfe1 Qa8
23.g4 Re7 24.g5 Qe8 25.gxf6 Rxe5 26.fxg7+ Kg8 27.Rxe5 Qxe5 28.Kh1 a5 29.b4 axb4
30.axb4 b5 31.Rg1 Rf6 32.Qg2 Rg6 33.Qf3 Rxg1+ 34.Kxg1 Qe1+ 35.Kg2 Qxb4 36.Qf5 Qd6
37.Kf3 Kxg7 38.Qg5+ Qg6 39.Qd2 h6 40.h3 Qf5+ 41.Ke3 Qe5+ 42.Kf3 b4 43.Qxb4 Qxd5+
44.Ke2 Qe6+  0-1

[Event "URS-FL"]
[Site "Sverdlovsk"]
[Date "1984.??.??"]
[Round "?"]
[White "Chernin, Alexander"]
[Black "Rozentalis, Eduardas"]
[Result "1/2-1/2"]
[WhiteElo "2475"]
[BlackElo "2490"]

1.d4 Nf6 2.c4 e6 3.Nf3 b6 4.a3 Ne4 5.g3 Bb7 6.Bg2 Be7 7.Qc2 d5 8.Nfd2 Nf6
9.O-O O-O 10.Rd1 Qc8 11.cxd5 Bxd5 12.e4 Bb7 13.Nc3 Nbd7 14.Nc4 Ba6 15.Ne3 Rd8
16.e5 Ne8 17.Bxa8 Qxa8 18.f4 Bb7 19.b4 c5 20.bxc5 Qc8 21.Ng2 bxc5 22.d5 exd5
23.Nxd5 Bf8 24.Nde3 Qc6 25.Bb2 Rc8 26.Bc3 Nb6 27.Ba5 Nc7 28.Bxb6 axb6 29.Qd3 c4
30.Qd7 Qxd7 31.Rxd7 Bc6 32.Rdd1 Nb5 33.Nxc4 Bxg2 34.Kxg2 Rxc4 35.Rd8 Nd4
36.Kh3 g5 37.Rb8 Kg7 38.Rxb6 gxf4 39.gxf4 Rc3+ 40.Kg4 Bxa3 41.Rg1  1/2-1/2

[Event "URS-FL"]
[Site "Sverdlovsk"]
[Date "1984.??.??"]
[Round "?"]
[White "Rashkovsky, Nukhim N"]
[Black "Psakhis, Lev"]
[Result "1/2-1/2"]
[WhiteElo "2400"]
[BlackElo "2565"]

1.d4 Nf6 2.Nf3 e6 3.c4 b6 4.a3 Bb7 5.Nc3 d5 6.cxd5 exd5 7.Qa4+ Nbd7 8.Bg5 Be7
9.Ne5 c5 10.Rd1 O-O 11.Nxd7 Nxd7 12.Bxe7 Qxe7 13.g3 Nf6 14.Bg2 c4 15.O-O a6
16.Rfe1 b5 17.Qc2 Rfe8 18.e3 g6 19.f3 Qd7 20.Qd2 Qc6 21.Qc2 Qd7 22.Qd2 Qc6
23.Qc2 Qd7  1/2-1/2

[Event "URS-FL"]
[Site "Sverdlovsk"]
[Date "1984.??.??"]
[Round "?"]
[White "Rashkovsky, Nukhim N"]
[Black "Ehlvest, Jaan"]
[Result "1-0"]
[WhiteElo "2400"]
[BlackElo "2505"]

1.Nf3 Nf6 2.c4 e6 3.d4 b6 4.a3 Bb7 5.Nc3 d5 6.cxd5 Nxd5 7.Qa4+ Qd7 8.Qc2 Nxc3
9.Qxc3 Bd6 10.g3 Be4 11.Bg2 Qc6 12.Qe3 Qb7 13.O-O O-O 14.b3 Nd7 15.Bb2 a5
16.Rfd1 Rfe8 17.Rac1 Rad8 18.Ne1 Bxg2 19.Nxg2 Bf8 20.Qd3 Nc5 21.Qb5 Na6 22.Ne3 Nb8
23.d5 Qa6 24.a4 Qxb5 25.axb5 Bc5 26.Be5 Rc8 27.dxe6 fxe6 28.Nc4 Bf8 29.Rd3 Be7
30.Nd2 Bf6 31.Bxf6 gxf6 32.Ne4 Kg7 33.Rdc3 Re7 34.Nd6 Rd8 35.Rxc7 Rxc7 36.Rxc7+ Rd7
37.Rxd7+ Nxd7 38.Nc4 f5 39.f4 Kf6 40.Kf2 Nc5 41.Nxb6 Nxb3  1-0

[Event "URS-ch sf"]
[Site "Sverdlovsk"]
[Date "1984.??.??"]
[Round "?"]
[White "Petrosian, Arshak B"]
[Black "Kengis, Edvins"]
[Result "1-0"]
[WhiteElo "2470"]
[BlackElo "2445"]

1.d4 Nf6 2.Nf3 e6 3.c4 b6 4.a3 Bb7 5.Nc3 d5 6.cxd5 exd5 7.g3 c5 8.Bg2 Be7
9.O-O O-O 10.Bf4 Nc6 11.dxc5 bxc5 12.Ne5 Nd4 13.Nc4 Bc6 14.Ne3 Qb6 15.Nexd5 Bxd5
16.Nxd5 Nxd5 17.Bxd5 Rad8 18.e4 Qxb2 19.Ra2 Qc3 20.Kg2 Rxd5 21.exd5 Qc4 22.Rd2 Qxd5+
23.f3 Bg5 24.Bxg5 Qxg5 25.Rd3 h5 26.Qd2 Qf5 27.h4 Rb8 28.Rc3 Rb6 29.Qg5 Rb2+
30.Rf2 Rxf2+ 31.Kxf2 Qe6 32.Re3 Qa2+ 33.Kg1 Qb1+ 34.Kg2 Qb2+ 35.Kh3 Qb5 36.Qxh5 Qf1+
37.Kg4 f5+ 38.Kg5  1-0

[Event "Yerevan"]
[Site "Yerevan"]
[Date "1984.??.??"]
[Round "?"]
[White "Petrosian, Arshak B"]
[Black "Novikov, Igor A"]
[Result "1/2-1/2"]
[WhiteElo "2470"]
[BlackElo "2420"]

1.d4 Nf6 2.c4 e6 3.Nf3 b6 4.a3 Bb7 5.Nc3 d5 6.cxd5 Nxd5 7.e4 Nxc3 8.bxc3 Bxe4
9.Ne5 Bb7 10.Qh5 g6 11.Bb5+ c6 12.Qf3 f6 13.Nd3 Qd5 14.Qxf6 cxb5 15.Qxh8 Qxg2
16.Rf1 Qe4+ 17.Kd2 Nd7 18.Qxh7 O-O-O 19.Qh3 Nc5 20.Nxc5 bxc5 21.Re1 Bh6+
22.Qxh6 Rxd4+ 23.cxd4 Qxd4+ 24.Ke2 Qc4+ 25.Kd2 Qd4+  1/2-1/2

[Event "Yerevan"]
[Site "Yerevan"]
[Date "1984.??.??"]
[Round "?"]
[White "Novikov, Igor A"]
[Black "Prandstetter, Eduard"]
[Result "1-0"]
[WhiteElo "2420"]
[BlackElo "2435"]

1.d4 Nf6 2.c4 e6 3.Nf3 b6 4.a3 Bb7 5.Nc3 d5 6.cxd5 exd5 7.Bg5 Be7 8.Qa4+ c6
9.e3 h6 10.Bxf6 Bxf6 11.Bd3 Nd7 12.O-O O-O 13.Rad1 c5 14.Bf5 cxd4 15.exd4 Nb8
16.Rfe1 g6 17.Bb1 Bg7 18.Ba2 Qd6 19.Ne5 a6 20.Qb3 Rd8 21.Ne4 Qc7 22.Qf3 Nc6
23.Nf6+ Bxf6 24.Qxf6 Rd6 25.Qf4 Kg7 26.Nxf7 Rd7 27.Qxh6+ Kxf7 28.Bxd5+  1-0